000 00925nam a2200217 a 4500
001 82565
003 BD-RjUL
005 20231228112854.0
008 231228s2022 ii ||||| |||| 00| 0 eng d
020 _a9789843532664
035 _a(BD-RjUL)
040 _aBD-RjUL
_beng
_cBD-RjUL
041 _aben
082 _223
_a954.9205092
_bGOU 2022
245 _aগৌরবের বাংলাদেশ:
_bশেখ মুজিব ও শেখ হাসিনা /
_cসংকলন ও সম্পাদনা মোঃ শাহ্ আজম
260 _aসিরাজগঞ্জ :
_bরবীন্দ্র বিশ্ববিদ্যালয়,
_c২০২২
300 _a৩৯০ পৃ.:
_bচিত্রসমূহ
_c২৪ সেমি.
600 _aমুজিবুর রহমান, শেখ,
_d১৯২০-১৯৭৫
600 _cMujibur Rahman, Sheikh,
_d1920-1975
942 _2ddc
_cBK
999 _c82565
_d82565